000 01151nam a2200229Ia 4500
003 Ost
005 20260416102350.0
008 260416s9999||||xx |||||||||||||| ||und||
040 _cfsecg
041 _aara
082 _a332.12
100 _aفضيل، فارس
_eمؤلف
245 0 _aمحاضرات في التقنيات البنكية ج1 /
_c فارس فضيل
260 _aالجزائر
_bجامعة الجزائر3: كلية العلوم الإقتصادية، العلوم التجارية وعلوم التسيير
_c2013
300 _a149 ورقة
_bايضاحات
_c30 سم
504 _aمراجع ص.143
520 _aعموميات حول البنك، مدخل للعمل البنكي مع التركيز عل البنوك التجارية، الأدوات البنكية التقليدية المستخدمة في الدفع، ادوات الدفع الالكترونية
653 _aالبنوك
653 _aالبنوك التجارية
710 _aجامعة الجزائر3: كلية العلوم الإقتصادية، العلوم التجارية وعلوم التسيير
_eناشر علمي
942 _cHANDOUT
999 _c40954
_d40954